KOHA-Header-6

Psychology Express: Social Psychology (Record no. 12534)

000 -LEADER
fixed length control field 00248nam a22001097a 4500
020 ## - INTERNATIONAL STANDARD BOOK NUMBER
ISBN 978-0273737193
082 ## - DEWEY DECIMAL CLASSIFICATION NUMBER
Classification number 150.5
100 ## - MAIN ENTRY--AUTHOR NAME
Personal name Mercer, Jenny
245 ## - TITLE STATEMENT
Title Psychology Express: Social Psychology
260 ## - PUBLICATION, DISTRIBUTION, ETC. (IMPRINT)
Place of publication India
Name of publisher Pearson
Year of publication 2014
942 ## - ADDED ENTRY ELEMENTS (KOHA)
Koha item type Books
Holdings
Withdrawn status Lost status Collection code Permanent Location Current Location Shelving location Date acquired Full call number Accession Number Koha item type
    Psychology MAJU MAJU Shelf No.A35 2020-09-22 150.5 9704 Psychology

Powered by Koha